[Event "HUN-chT 0304"]
[Site "Hungary"]
[Date "2004.03.21"]
[Round "9"]
[White "Kovacs, Gabor H"]
[Black "Bagonyai, Attila"]
[Result "0-1"]
[WhiteElo "2393"]
[BlackElo "2399"]
[PlyCount "61"]
[EventDate "2003.09.28"]
[EventType "team"]
[EventRounds "11"]
[EventCountry "HUN"]
[SourceTitle "EXT 2006"]
[Source "ChessBase"]
[SourceDate "2005.11.24"]
[SourceVersion "1"]
[SourceVersionDate "2005.11.24"]
[SourceQuality "1"]

1. e4 c5 2. Nf3 Nc6 3. d4 cxd4 4. Nxd4 Qc7 5. Nc3 e6 6. Be3 a6 7. Qd2 Nf6 8. f3 Bb4 9. a3 Be7 10. g4 h6 11. 0-0-0 b5 12. Na2 Bb7 13. Bf4 e5 14. Nxc6 Bxc6 15. Be3 d5 16. exd5 Bxd5 17. Nb4 Bb7 18. Qf2 0-0 19. Rg1 a5 20. Nd3 Rfc8 21. Bb6 Qb8 22. g5 hxg5 23. Be3 b4 24. a4 b3 25. c3 g4 26. Be2 Qc7 27. Bb6 Qc6 28. Nxe5 Qxa4 29. Nd3 Bd5 30. Kd2 Qc6 31. fxg4 0-1

[Event "Balatonlelle op"]
[Site "Balatonlelle"]
[Date "2003.06.23"]
[Round "3"]
[White "Bokros, Albert"]
[Black "Bagonyai, Attila"]
[Result "1-0"]
[WhiteElo "2420"]
[BlackElo "2364"]
[PlyCount "62"]
[EventDate "2003.06.21"]
[EventType "swiss"]
[EventRounds "9"]
[EventCountry "HUN"]
[SourceTitle "EXT 2004"]
[Source "ChessBase"]
[SourceDate "2003.11.25"]
[SourceVersion "1"]
[SourceVersionDate "2003.11.25"]
[SourceQuality "1"]

1. e4 c5 2. Nf3 e6 3. d4 cxd4 4. Nxd4 a6 5. Bd3 Bc5 6. Nb3 Ba7 7. Nc3 d6 8. Qg4 Nf6 9. Qg3 Nc6 10. f4 g6 11. Be3 e5 12. fxe5 Nh5 13. Qf2 Bxe3 14. Qxe3 Nxe5 15. Be2 Nf6 16. 0-0-0 Be6 17. Qd4 Bxb3 18. axb3 0-0 19. Qxd6 Nfd7 20. h4 Rc8 21. Kb1 h5 22. g4 hxg4 23. h5 Rc6 24. Qd2 g3 25. Rh3 g2 26. Rg3 Qh4 27. Rxg2 Nf6 28. hxg6 fxg6 29. Rh2 Qg3 30. Rhh1 Rxc3 31. bxc3 Rc8 1-0

[Event "Balatonlelle op"]
[Site "Balatonlelle"]
[Date "2003.06.22"]
[Round "2"]
[White "Bolehradski, Jovica"]
[Black "Bagonyai, Attila"]
[Result "0-1"]
[WhiteElo "2210"]
[BlackElo "2364"]
[PlyCount "72"]
[EventDate "2003.06.21"]
[EventType "swiss"]
[EventRounds "9"]
[EventCountry "HUN"]
[SourceTitle "EXT 2004"]
[Source "ChessBase"]
[SourceDate "2003.11.25"]
[SourceVersion "1"]
[SourceVersionDate "2003.11.25"]
[SourceQuality "1"]

1. e4 c5 2. Nf3 Nc6 3. d4 cxd4 4. Nxd4 Qc7 5. c4 Qe5 6. Nb5 Qxe4+ 7. Be2 Qe5 8. N1c3 e6 9. g3 Qb8 10. Ne4 Be7 11. Bf4 e5 12. Nbd6+ Bxd6 13. Nxd6+ Ke7 14. Bg5+ f6 15. Nf5+ Kf8 16. Be3 b6 17. Qd2 d5 18. cxd5 Bxf5 19. dxc6 Ne7 20. Rc1 Qc7 21. 0-0 g5 22. Rfd1 Kg7 23. Bf3 Rad8 24. Qe2 Bg6 25. b4 Nf5 26. b5 Nd6 27. Bd5 h5 28. Be6 g4 29. Bd7 Be4 30. Qb2 Bf3 31. Rd2 h4 32. Qb4 Rxd7 33. a4 Rdd8 34. a5 Nf5 35. axb6 axb6 36. Rxd8 Rxd8 0-1